000 00499nam a2200205Ia 4500
005 20240823043311.0
008 240823s9999||||xx |||||||||||||| ||und||
020 _a0-07-058807-4
041 _aENGLISH
082 _A004.678 P9
100 _aAsoke K Talukder
245 0 _aMobile Computing
250 _a1st
260 _c2009
_b"TMH,New "
_aNew Delhi
500 _aTRANSFERED
650 _aComputing
_bInformation Technology
700 _a Roopa R Yavagal
942 _cBK
999 _c209914
_d209914